| 000 | 00453cam a22001457a 4500 | ||
|---|---|---|---|
| 008 | 180718b1959 xxu||||| |||| 00| 0 eng d | ||
| 082 | _aB235x42 W85 | ||
| 100 | _aWood, Neal | ||
| 245 |
_aCommunism and British intellectuals _cby Neal Wood |
||
| 260 |
_aLondon _bVictor Gollanz _c1959 |
||
| 300 | _a256p | ||
| 650 | _aGreat Britain --Intellectual life --20th century. | ||
| 650 | _aCommunism --Great Britain | ||
| 650 | _aCommunist Party of Great Britain | ||
| 999 |
_c420637 _d420637 |
||